My Neighbour Totoro Trivia - Statistics

General Stats
  • This quiz has been taken 144 times
  • The average score is 6 of 13
Answer Stats
Hint Answer % Correct
Name of the younger sister in the family Mei
97%
Where is the mother for the duration of the film? Hospital
86%
What does Totoro get on at the bus stop? Catbus
75%
Name of the older sister Satsuki
72%
What is found in a lake during the search for Mei? Sandal
66%
What do the sisters find on the ground which they later plant? Acorns
49%
What does the father suggest doing in the bath to scare away anything scary? Laughing
46%
Who has a crush on the above answer? Kanta
42%
What are the sisters tasked with finding when they first arrive at the new house? Stairs
28%
Fill in the quote: "Can some _____ live upstairs?" Ghosts
22%
What are the name of the black creatures that were living in the dark places? Soot Gremlins
22%
Which short film released only at the Studio Ghibli museum is the closest we have to a sequel? Mei and the Kittenbus
12%
What is the official name of "the soot music" The Path of the Wind
5%
No matching quizzes found
Score Distribution
Percent of People with Each Score
Percentile by Number Answered
Your Score History
You have not taken this quiz